000 00938cam a22003134a 4500
001 13607213
003 OSt
005 20220121120015.0
008 040526s2005 njua 001 0 eng
010 _a 2004053109
020 _a9788131715024
038 _akhadija
040 _aDLC
_cDLC
_dDLC
042 _apcc
050 0 0 _aTA405
_b.H47 2005
082 0 0 _a620.112
_222
_bHIB
100 1 _aHibbeler, R. C.
_988574
245 1 0 _aMechanics of Materials /
_cR.C. Hibbeler.
250 _a6th ed.
260 _aUpper Saddle River, N.J. :
_bPearson Prentice Hall,
_cc2005.
300 _axvi, 873 p. :
_bcol. ill. ;
_c25 cm.
500 _aIncludes index.
563 _aPB
650 0 _aStrength of materials.
_988575
650 0 _aStructural analysis (Engineering)
_988576
906 _a7
_bcbc
_corignew
_d1
_eocip
_f20
_gy-gencatlg
942 _2ddc
_cBK
999 _c32257
_d32257